000 01324nam a22002777a 4500
001 18528
003 CO-MdFUSB
005 20240531062738.0
008 170321t2011 sp ||||| |||| 00| 0 spa d
020 _a978-84-92416-42-4
040 _aCO-MdFUSB
_bspa
_cCO-MdFUSB
_dCO-MdFUSBC
_erda
041 _aspa
082 0 4 _aG 204 M5274h
100 1 _aMelloni, Javier
_eautor
245 0 _aHacia un tiempo de síntesis
_c / Javier Melloni
264 4 _aBarcelona :
_bFragmentos,
_c©2011
300 _a264 p.
336 _2rdacontent
_a1
_ba1
337 _2rdamedia
_a2
_b5
338 _2rdacarrier
_a2
_b5
501 _arústico
505 0 0 _a\I PARTE: Aperturas: la difícil alteridad -- Compartir plenitudes en lugar de competir entre totalidades -- El diálogo interreligioso como experiencia espiritual \ II PARTE: Oriente y occidente -- El camino del Yoga -- La meta del Budhismo -- La New Age, ¿Mística o mistificación? \III PARTE: Co-inspiraciones --La integración cosmoteándrica -- Vía mística: la profundidad del misterio y el cultivo de la interioridad -- Vía ética: la sacralidad del otro y el cultivo de la solidaridad -- Vía ecológica: la sacralidad de la tierra y el cultivo de la sobriedad -- El futuro de las religiones
650 7 _aReligiones
_9386
650 7 _aCristianismo
_2
_922
942 _cBK
999 _c44947
_d44947